Statistics for Countries incl. the dependent territories

Click here to take the quiz!

General Stats

  • This quiz has been taken 34 times
    (25 since last reset)
  • The average score is 200 of 257

Answer Stats

Answer% Correct
United Kingdom
100%
United States
100%
France
94%
Puerto Rico
94%
Australia
88%
Chile
88%
Croatia
88%
Denmark
88%
Finland
88%
Germany
88%
Greenland
88%
Guam
88%
Netherlands
88%
Northern Mariana Islands
88%
Norway
88%
Poland
88%
Saint Barthélemy
88%
Serbia
88%
Spain
88%
Afghanistan
82%
Albania
82%
Algeria
82%
Andorra
82%
Antigua and Barbuda
82%
Argentina
82%
Armenia
82%
Austria
82%
Azerbaijan
82%
Bahamas
82%
Bahrain
82%
Barbados
82%
Belarus
82%
Belgium
82%
Belize
82%
Benin
82%
Bermuda
82%
Bosnia and Herzegovina
82%
Botswana
82%
Brazil
82%
Bulgaria
82%
Cambodia
82%
Cameroon
82%
Canada
82%
Cape Verde
82%
Central African Republic
82%
Chad
82%
China
82%
Comoros
82%
Costa Rica
82%
Cuba
82%
Cyprus
82%
Czech Republic
82%
Democratic Republic of the Congo
82%
Djibouti
82%
Dominica
82%
Dominican Republic
82%
Ecuador
82%
Egypt
82%
El Salvador
82%
Equatorial Guinea
82%
Estonia
82%
Eswatini
82%
Ethiopia
82%
Federated States of Micronesia
82%
French Guiana
82%
Gabon
82%
Gambia
82%
Georgia
82%
Gibraltar
82%
Greece
82%
Grenada
82%
Guinea
82%
Guyana
82%
Haiti
82%
Honduras
82%
Hungary
82%
Iceland
82%
India
82%
Indonesia
82%
Iran
82%
Iraq
82%
Ireland
82%
Israel
82%
Japan
82%
Kiribati
82%
Kosovo
82%
Kuwait
82%
Laos
82%
Latvia
82%
Lebanon
82%
Lesotho
82%
Liberia
82%
Libya
82%
Luxembourg
82%
Malaysia
82%
Marshall Islands
82%
Mauritius
82%
Mexico
82%
Moldova
82%
Mongolia
82%
Montenegro
82%
Myanmar
82%
Namibia
82%
Nauru
82%
New Zealand
82%
Nicaragua
82%
Niger
82%
Nigeria
82%
North Korea
82%
North Macedonia
82%
Oman
82%
Pakistan
82%
Palau
82%
Palestine
82%
Panama
82%
Papua New Guinea
82%
Paraguay
82%
Philippines
82%
Qatar
82%
Réunion
82%
Romania
82%
Russia
82%
Saint Kitts and Nevis
82%
Saint Lucia
82%
Saint Martin
82%
San Marino
82%
Saudi Arabia
82%
Senegal
82%
Seychelles
82%
Sierra Leone
82%
Singapore
82%
Slovakia
82%
Slovenia
82%
Solomon Islands
82%
Somalia
82%
South Africa
82%
South Korea
82%
South Sudan
82%
Sri Lanka
82%
Sudan
82%
Suriname
82%
Sweden
82%
Taiwan
82%
Tanzania
82%
Thailand
82%
Togo
82%
Tonga
82%
Tunisia
82%
Turkey
82%
Turkmenistan
82%
Tuvalu
82%
Ukraine
82%
United Arab Emirates
82%
Uruguay
82%
U.S. Virgin Islands
82%
Uzbekistan
82%
Vatican City
82%
Venezuela
82%
Vietnam
82%
Yemen
82%
Zambia
82%
Zimbabwe
82%
Angola
76%
Aruba
76%
Bolivia
76%
Brunei
76%
Burkina Faso
76%
Christmas Island
76%
Colombia
76%
Cook Islands
76%
Côte d'Ivoire
76%
Curaçao
76%
East Timor
76%
Falkland Islands
76%
Fiji
76%
Ghana
76%
Guatemala
76%
Guinea-Bissau
76%
Italy
76%
Jamaica
76%
Jordan
76%
Kazakhstan
76%
Kenya
76%
Liechtenstein
76%
Lithuania
76%
Maldives
76%
Mayotte
76%
Monaco
76%
Mozambique
76%
Nepal
76%
Peru
76%
Portugal
76%
Rwanda
76%
Saint Vincent and the Grenadines
76%
Samoa
76%
Switzerland
76%
Syria
76%
Tajikistan
76%
Trinidad and Tobago
76%
United States Minor Outlying Islands
76%
Åland
71%
American Samoa
71%
Bangladesh
71%
Bhutan
71%
Bouvet Island
71%
British Indian Ocean Territory
71%
British Virgin Islands
71%
Burundi
71%
Cayman Islands
71%
Cocos Islands
71%
Eritrea
71%
Faroe Islands
71%
French Polynesia
71%
Guadeloupe
71%
Hong Kong
71%
Jersey
71%
Kyrgyzstan
71%
Macau
71%
Madagascar
71%
Malawi
71%
Mali
71%
Malta
71%
Martinique
71%
Mauritania
71%
Montserrat
71%
Morocco
71%
New Caledonia
71%
Norfolk Island
71%
Svalbard
71%
Tokelau
71%
Turks and Caicos Islands
71%
Uganda
71%
Vanuatu
71%
Akrotiri and Dhekelia
65%
Anguilla
65%
Clipperton Island
65%
Isle of Man
65%
Jan Mayen
65%
Niue
65%
Saint Pierre and Miquelon
65%
São Tomé and Príncipe
65%
Saint Helena, Ascension and Tristan da Cunha
59%
Sint Maarten
59%
South Georgia and the South Sandwich Islands
59%
Western Sahara (SADR)
59%
Bonaire
53%
Guernsey
53%
Republic of the Congo
53%
Saba
53%
Sint Eustatius
53%
Wallis and Futuna
53%
Coral Sea Islands
47%
Ashmore and Cartier Islands
41%
French Southern and Antarctic Lands
41%
Heard Island and McDonald Islands
41%
Pitcairn Islands
41%
Territorial Claims of Antarctica
29%

Score Distribution

Percentile by Number Answered

Percent of People with Each Score

Your Score History

You have not taken this quiz since the last reset